A Gandhi reader / (Record no. 133911)
[ view plain ]
| 000 -LEADER | |
|---|---|
| fixed length control field | 00768nam a22002537a 4500 |
| 005 - DATE AND TIME OF LATEST TRANSACTION | |
| control field | 20170124110217.0 |
| 010 ## - LIBRARY OF CONGRESS CONTROL NUMBER | |
| LC control number | A-710413 |
| 020 ## - INTERNATIONAL STANDARD BOOK NUMBER | |
| Terms of availability | 110.00 |
| International Standard Book Number | 086131820 |
| 035 ## - SYSTEM CONTROL NUMBER | |
| System control number | A-710413 |
| 037 ## - SOURCE OF ACQUISITION | |
| Source of stock number/acquisition | Cen Lib/Ret |
| 040 ## - CATALOGING SOURCE | |
| Original cataloging agency | DPL |
| Language of cataloging | EN |
| 082 ## - DEWEY DECIMAL CLASSIFICATION NUMBER | |
| Classification number | 301.153 |
| Item number | GHA |
| 245 ## - TITLE STATEMENT | |
| Title | A Gandhi reader / |
| Statement of responsibility, etc | edited by K. Swaminathan [and] C. N. Patel |
| 246 ## - VARYING FORM OF TITLE | |
| Remainder of title | |
| 260 ## - PUBLICATION, DISTRIBUTION, ETC. (IMPRINT) | |
| Name of publisher, distributor, etc | Orient Longman |
| Place of publication, distribution, etc | Calcutta |
| Date of publication, distribution, etc | 1988 |
| 270 ## - ADDRESS | |
| City | Calcutta |
| Address | 17 Chittaranjan Avenue |
| Postal code | 700072 |
| 300 ## - PHYSICAL DESCRIPTION | |
| Extent | xiii,172p. |
| Dimensions | 22cm(Hb) |
| 500 ## - GENERAL NOTE | |
| General note | Includes index<br/> |
| 650 ## - SUBJECT ADDED ENTRY--TOPICAL TERM | |
| Topical term or geographic name as entry element | Gandhi, -- Mahatma, -- 1869-1948 |
| 9 (RLIN) | 39238 |
| 650 ## - SUBJECT ADDED ENTRY--TOPICAL TERM | |
| Topical term or geographic name as entry element | India -- History -- 20th century |
| 9 (RLIN) | 39239 |
| 700 ## - ADDED ENTRY--PERSONAL NAME | |
| Personal name | Swaminathan, K. |
| 9 (RLIN) | 39240 |
| 700 ## - ADDED ENTRY--PERSONAL NAME | |
| Personal name | Patel, C. N. |
| 9 (RLIN) | 39241 |
| 942 ## - ADDED ENTRY ELEMENTS (KOHA) | |
| Source of classification or shelving scheme | Dewey Decimal Classification |
| Koha item type | English Books |
| Classification part | 301.153 |
| Call number suffix | GHA |
| Withdrawn status | Lost status | Damaged status | Not for loan | Collection code | Home library | Current library | Date acquired | Source of acquisition | Cost, normal purchase price | Total Checkouts | Full call number | Barcode | Date last seen | Copy number | Cost, replacement price | Price effective from | Koha item type |
|---|---|---|---|---|---|---|---|---|---|---|---|---|---|---|---|---|---|
| Not For Loan | Reference | Central Library | Central Library | 28/07/2015 | Cen Lib/Ret | 110.00 | 301.153 GHA | A-710413 | 28/07/2015 | 1 | 110.00 | 28/07/2015 | English Books |
